| 000 | 00829nam a2200289Ia 4500 | ||
|---|---|---|---|
| 001 | 7129 | ||
| 005 | 20240113233958.0 | ||
| 007 | ta | ||
| 008 | 180511s1999 ii a g b000 u 465 u | ||
| 020 | _a0 19 565128 6 | ||
| 040 | _aCotton College,Assam | ||
| 041 | _aeng | ||
| 082 |
_a330.1 _bBo 5 Is |
||
| 100 | _aBose, Amitava . | ||
| 245 | 0 |
_aIssue in Economic Theory and Public Policy: Essays in Honour of Tapas Majumdar / _cAmitava Bose, M. Rakshit & A. Sinha. _hTextual Documents |
|
| 250 | _a1st ed. / | ||
| 260 |
_aOxford : _bOxford Universsity Press , _c1999. |
||
| 300 |
_axii, 322p. : _bill. ; _c22cm . |
||
| 504 | _aIndex | ||
| 653 | _aEconomics-Issues | ||
| 653 | _aPG-Economics | ||
| 700 | _aSinha, A. . | ||
| 700 | _aRakshit, M. . | ||
| 942 |
_2ddc _cBK |
||
| 999 |
_c7116 _d7116 |
||